Tepeaca en el siglo XVI : Tenecia de la tierra y organización de un señorío / (Record no. 66299)

MARC details
000 -LEADER
fixed length control field 00618cam a2200193 4500
008 - FIXED-LENGTH DATA ELEMENTS--GENERAL INFORMATION
fixed length control field 1984 spa
020 ## - INTERNATIONAL STANDARD BOOK NUMBER
International Standard Book Number 968-496-037-9
050 #4 - LIBRARY OF CONGRESS CALL NUMBER
Classification number HD330
Item number .T4 M37 1984
100 1# - MAIN ENTRY--PERSONAL NAME
Personal name Martinez, Hildeberto
245 #0 - TITLE STATEMENT
Title Tepeaca en el siglo XVI : Tenecia de la tierra y organización de un señorío /
Statement of responsibility, etc Hildeberto Martínez.
260 ## - PUBLICATION, DISTRIBUTION, ETC. (IMPRINT)
Place of publication, distribution, etc México :
Name of publisher, distributor, etc CIESAS,
Date of publication, distribution, etc 1984
300 ## - PHYSICAL DESCRIPTION
Extent 230 p. ;
Dimensions 21 cm.
440 #0 - SERIES STATEMENT/ADDED ENTRY--TITLE
Title Ediciones de la Casa Chata ; 21
500 ## - GENERAL NOTE
General note 2 ejemplares
650 #4 - SUBJECT ADDED ENTRY--TOPICAL TERM
Topical term or geographic name as entry element Tierras
General subdivision Tenecia -Tepeaca, Puebla
-- Historia
942 ## - ADDED ENTRY ELEMENTS (KOHA)
Source of classification or shelving scheme Biblioteca del Cogreso de los Estados Unidos
Koha item type Libro
Holdings
Estado de pérdida Fuente de clasificación Estado del daño No para préstamo Ubicación permanente Ubicación actual Apartado o colección Fecha de adquisición Edición Dependencia de educación superior (DES) Área del conocimiento Clasificación Código de Barras Date last seen Número de copia Tipo de recurso
  Biblioteca del Cogreso de los Estados Unidos     Biblioteca del Instituto de Investigaciones Históricas Biblioteca del Instituto de Investigaciones Históricas General 20/08/2018 1a ed. Humanidades Ciencias Sociales y Administrativas HD330 .T4 M37 1984 IIH000024822 20/08/2018 C:1 Libro
  Biblioteca del Cogreso de los Estados Unidos     Biblioteca del Instituto de Investigaciones Históricas Biblioteca del Instituto de Investigaciones Históricas General 20/08/2018 1a ed. Humanidades Ciencias Sociales y Administrativas HD330 .T4 M37 1984 IIH000024823 20/08/2018 C:2 Libro